000 00518nam a2200157 a 4500
001 000038140
005 20201002031201.0
008 130315s1975 dr 000 0 spa d
040 _aDO-SdBNP
_bspa
_cBNPHU
100 1 _aLivio Cedeño, Victor
_946200
245 1 3 _aLa cuestión agraria /
_cVíctor Livio Cedeño.
260 _aSanto Domingo :
_bLa Estética,
_c1975.
300 _a145 p. ;
_c21 cm.
500 _aIncluye datos biográficos del autor en la contracubierta
500 _aIncluye notas al pie de las páginas
999 _c37630
_d37630